| 000 | 00686nam a22001937a 4500 | ||
|---|---|---|---|
| 999 |
_c217 _d217 |
||
| 008 | 151110b xxu||||| |||| 00| 0 eng d | ||
| 020 | _a9781482219777 | ||
| 082 |
_22014 _aDC 519.2 _bP962 |
||
| 100 |
_9409 _aBarragues, Jose I. _eEditor |
||
| 245 |
_aProbability and statistics: _bA didactic introduction/ _cJose I. Barragues, Adolfo Morais, and Jenaro Guisasola, editors |
||
| 260 |
_aBoca Raton, FL: _bCRC Press, _cc2014 |
||
| 300 |
_avii, 480 pages: _billustrations; _c24 cm. |
||
| 500 | _aIncludes index. | ||
| 650 | 0 |
_9403 _aProbabilities |
|
| 650 | 0 |
_9405 _aMathematical statistics |
|
| 700 |
_9406 _aAdolfo Morais _eEditor |
||
| 700 |
_9407 _aJenaro Guisasola _eEditor |
||
| 942 |
_2ddc _cDC |
||